RICS rural land market survey Great Britain (Record no. 104781)

MARC details
000 -LEADER
fixed length control field 01413cam a2200217 4500
001 - CONTROL NUMBER
control field ##L131561
008 - FIXED-LENGTH DATA ELEMENTS--GENERAL INFORMATION
fixed length control field 051116n2005 000 0 eng u
035 ## - SYSTEM CONTROL NUMBER
System control number (Sirsi) u131561
041 0# - LANGUAGE CODE
Language code of text/sound track or separate title eng
050 04 - LIBRARY OF CONGRESS CALL NUMBER
Classification number 630.142 $2 18
110 1# - MAIN ENTRY--CORPORATE NAME
Corporate name or jurisdiction name as entry element Royal Institution of Chartered Surveyors
Subordinate unit Public Affairs
9 (RLIN) 4679
245 00 - TITLE STATEMENT
Title RICS rural land market survey Great Britain
Remainder of title third quarter 2005
260 ## - PUBLICATION, DISTRIBUTION, ETC.
Place of publication, distribution, etc. London
Name of publisher, distributor, etc. RICS
Date of publication, distribution, etc. 2005
490 #0 - SERIES STATEMENT
Series statement RICS Rural Land Market Survey Great Britain
Volume/sequential designation Third Quarter 2005
520 ## - SUMMARY, ETC.
Summary, etc. Shows farmland values falling again in the third quarter 2005, the third consecutive quarterly decline. Prices recorded an annual fall of just under 1% for the first time in two years although the price of bare land continues to rise. Sales activity was suppressed by weaker demand and a fall in availability. Demand for farmland fell for the first time in nine quarters although demand conditions remain stronger than in 2004. Commercial farm prices are expected to rise modestly over the next year but residential farms are expected to experience lower prices.
590 ## - LOCAL NOTE (RLIN)
Local note IKA221105
650 24 - SUBJECT ADDED ENTRY--TOPICAL TERM
Topical term or geographic name entry element RICS RURAL LAND MARKET SURVEY GREAT BRITAIN
690 ## - LOCAL SUBJECT ADDED ENTRY--TOPICAL TERM (OCLC, RLIN)
Topical term or geographic name as entry element PROPERTY-RURAL AND NATURAL ASSETS-RURAL AND NATURAL ASSET MARKET
856 40 - ELECTRONIC LOCATION AND ACCESS
Uniform Resource Identifier <a href="https://www.rics.org/profession-standards/knowledge-and-information-services/document-delivery-and-o">https://www.rics.org/profession-standards/knowledge-and-information-services/document-delivery-and-o</a>
Public note email [email protected] to request a copy
942 ## - ADDED ENTRY ELEMENTS (KOHA)
Suppress in OPAC 0
Holdings
Withdrawn status Lost status Source of classification or shelving scheme Damaged status Not for loan Home library Current library Shelving location Date acquired Total Checkouts Full call number Barcode Date last seen Copy number Price effective from Koha item type
    Dewey Decimal Classification     Virtual Virtual Online 16/11/2005   ONLINE PUBLICATION 131561-2001 06/08/2019 1 06/08/2019 Book